<?xml version="1.0" encoding="UTF-8"?>
<collection xmlns="http://www.loc.gov/MARC21/slim">
 <record>
  <leader>00867nam a2200193 a 4500</leader>
  <controlfield tag="001">1/45867</controlfield>
  <controlfield tag="008">140603s2015    lu           n00010 gre d</controlfield>
  <datafield tag="020" ind1=" " ind2=" ">
   <subfield code="a">9789287220806</subfield>
  </datafield>
  <datafield tag="022" ind1="0" ind2=" ">
   <subfield code="a">1684-0747</subfield>
  </datafield>
  <datafield tag="035" ind1=" " ind2=" ">
   <subfield code="l">48837</subfield>
  </datafield>
  <datafield tag="040" ind1=" " ind2=" ">
   <subfield code="a">GR-PeUP</subfield>
  </datafield>
  <datafield tag="082" ind1="0" ind2="0">
   <subfield code="a">KET 343.403 4 ΕΥΡ</subfield>
  </datafield>
  <datafield tag="245" ind1="0" ind2="0">
   <subfield code="a">Έκθεση δραστηριοτήτων 2014 /</subfield>
   <subfield code="c">Ευρωπαϊκό Ελεγκτικό Συνέδριο.</subfield>
  </datafield>
  <datafield tag="260" ind1="0" ind2=" ">
   <subfield code="a">Λουξεμβούργο :</subfield>
   <subfield code="b">Υπηρεσία Εκδόσεων της Ευρωπαϊκής Ένωσης ,</subfield>
   <subfield code="c">2015.</subfield>
  </datafield>
  <datafield tag="300" ind1=" " ind2=" ">
   <subfield code="a">59 σ.:</subfield>
   <subfield code="b">εικ., πιν. ;</subfield>
   <subfield code="c">30 εκ.</subfield>
  </datafield>
  <datafield tag="610" ind1="0" ind2="0">
   <subfield code="a">Ευρωπαϊκό Ελεγκτικό Συνέδριο.</subfield>
  </datafield>
  <datafield tag="710" ind1="2" ind2=" ">
   <subfield code="a">Ευρωπαϊκό Ελεγκτικό Συνέδριο.</subfield>
  </datafield>
  <datafield tag="852" ind1=" " ind2=" ">
   <subfield code="a">INST</subfield>
   <subfield code="b">UNIPILB</subfield>
   <subfield code="c">KET</subfield>
   <subfield code="e">20150616</subfield>
   <subfield code="h">KET 343.403 4 ΕΥΡ</subfield>
   <subfield code="p">00174084</subfield>
   <subfield code="q">00174084</subfield>
   <subfield code="t">LOAN</subfield>
   <subfield code="y">0</subfield>
   <subfield code="4">1</subfield>
  </datafield>
  <datafield tag="856" ind1="4" ind2="1">
   <subfield code="u">http://doi:10.2865/997267</subfield>
  </datafield>
 </record>
</collection>
